Gps Satellite Surveying (Record no. 26620)

MARC details
000 -LEADER
fixed length control field 00374nam a22001697a 4500
003 - CONTROL NUMBER IDENTIFIER
control field OSt
005 - DATE AND TIME OF LATEST TRANSACTION
control field 20220111155552.0
008 - FIXED-LENGTH DATA ELEMENTS--GENERAL INFORMATION
fixed length control field 220111b |||||||| |||| 00| 0 eng d
020 ## - INTERNATIONAL STANDARD BOOK NUMBER
International Standard Book Number 9788126540013
040 ## - CATALOGING SOURCE
Transcribing agency HU
082 ## - DEWEY DECIMAL CLASSIFICATION NUMBER
Classification number 526.982
100 ## - MAIN ENTRY--PERSONAL NAME
Personal name Leick Alfred
9 (RLIN) 15012
245 ## - TITLE STATEMENT
Title Gps Satellite Surveying
260 ## - PUBLICATION, DISTRIBUTION, ETC.
Name of publisher, distributor, etc. Wiley
300 ## - PHYSICAL DESCRIPTION
Type of unit 435
942 ## - ADDED ENTRY ELEMENTS (KOHA)
Source of classification or shelving scheme Dewey Decimal Classification
Koha item type Books like text book referance book
Suppress in OPAC No
Holdings
Withdrawn status Lost status Source of classification or shelving scheme Damaged status Not for loan Home library Current library Shelving location Date acquired Total Checkouts Full call number Barcode Date last seen Copy number Price effective from Koha item type
    Dewey Decimal Classification     IoT Library IoT Library General Stacks 01/11/2022   526.982/LEI/2004 IOTL0004576 01/11/2022 1 01/11/2022 Books like text book referance book
    Dewey Decimal Classification     IoT Library IoT Library General Stacks 01/11/2022   526.982/LEI/2004 IOTL0004577 01/11/2022 2 01/11/2022 Books like text book referance book
    Dewey Decimal Classification     IoT Library IoT Library General Stacks 01/11/2022   526.982/LEI/2004 IOTL0004578 01/11/2022 3 01/11/2022 Books like text book referance book
    Dewey Decimal Classification     IoT Library IoT Library General Stacks 01/11/2022   526.982/LEI/2004 IOTL0004579 01/11/2022 4 01/11/2022 Books like text book referance book
    Dewey Decimal Classification     IoT Library IoT Library General Stacks 01/11/2022   526.982/LEI/2004 IOTL0004580 01/11/2022 5 01/11/2022 Books like text book referance book